Electronic circuits
Đã lưu trong:
| Tác giả chính: | |
|---|---|
| Định dạng: | Sách |
| Ngôn ngữ: | English |
| Được phát hành: |
Englewood, Cliffs, Prentice-Hall
[1961]
|
| Loạt: | Prentice Hall Electrical Engineering
|
| Những chủ đề: | |
| Các nhãn: |
Thêm thẻ
Không có thẻ, Là người đầu tiên thẻ bản ghi này!
|
MARC
| LEADER | 00000nam a2200000Ia 4500 | ||
|---|---|---|---|
| 003 | 000704 | ||
| 005 | 20221231143945.0 | ||
| 008 | 140114s1961 njua 000 ||eng d | ||
| 040 | |c cru CEDI | ||
| 082 | |a 621.38 M383c | ||
| 100 | |a Martin, Thomas Lyle |9 19348 | ||
| 245 | |a Electronic circuits | ||
| 260 | |a Englewood, Cliffs, Prentice-Hall |c [1961] | ||
| 300 | |a xix, 707 páginas; ilustraciones. 22 cm. | ||
| 440 | |a Prentice Hall Electrical Engineering |9 19153 | ||
| 650 | |x CIRCUITOS ELECTRONICOS |9 19349 | ||
| 942 | |2 ddc |c BK | ||
| 999 | |c 14787 |d 14787 | ||
